Strategické výzvy a príležitosti podnikov pôsobiacich v Maďarsku v závere transformačného procesu

Výzvy a strategické príležitosti maďarských podnikov v súčasnom štátnom vlastníctve. Podniky v trvalom štátnom vlastníctve. Štátne podniky u ktorých sa očakáva privatizácia.

Saved in:
Bibliographic Details
Main Author: Balaton, Károly
Other Authors: Strážovská, Helena
Format: Book Chapter
Language:Slovak
Subjects:
Tags: Add Tag
No Tags, Be the first to tag this record!

MARC

LEADER 00000naa$a2200000$$$4500
001 0042924
005 20231005085235.4
041 0 |a slo 
044 |a SK 
245 1 0 |a Strategické výzvy a príležitosti podnikov pôsobiacich v Maďarsku v závere transformačného procesu  |c Károly Balaton, Helena Strážovská 
520 |a Výzvy a strategické príležitosti maďarských podnikov v súčasnom štátnom vlastníctve. Podniky v trvalom štátnom vlastníctve. Štátne podniky u ktorých sa očakáva privatizácia. 
610 2 0 |a podnik 
610 2 0 |a Maďarsko 
610 2 0 |a štruktúra podniku organizačná 
610 2 0 |a transformácia podniku 
610 2 0 |a vlastníctvo štátne 
610 2 0 |a vlastníctvo súkromné 
610 2 0 |a privatizácia 
100 1 |a Balaton, Károly 
700 1 |a Strážovská, Helena